Statistics for MLB: All Decade Teams-1990s

Click here to take the quiz!

General Stats

  • This quiz has been taken 76 times
  • The average score is 9 of 15

Answer Stats

PositionPlayer% Correct
Starting PitcherGreg Maddux
91%
OutfieldBarry Bonds
86%
Starting PitcherRandy Johnson
80%
Starting PitcherRoger Clemens
80%
DHFrank Thomas
79%
OutfieldKen Griffey Jr.
79%
Starting PitcherTom Glavine
79%
CatcherMike Piazza
73%
Second BaseRoberto Alomar
65%
OutfieldLarry Walker
53%
ShortstopBarry Larkin
52%
First BaseJeff Bagwell
50%
Starting PitcherDavid Cone
39%
Relief PitcherJohn Wetteland
20%
Third BaseRobin Ventura
12%

Score Distribution

Percentile by Number Answered

Percent of People with Each Score

Your Score History

You have not taken this quiz